Największe państwa według zaludnienia - Statystyki

Ogólne statystyki
  • Ten quiz został rozwiązany 43 875 razy
    10 040 od ostatniego zresetowania
  • Średni wynik to 19 z 24
Statystyki odpowiedzi
Ludność Kraj % Poprawnych
1426 mln Chiny
100%
1456 mln Indie
98%
349 mln Stany Zjednoczone
98%
144 mln Rosja
96%
212 mln Brazylia
94%
84,4 mln Niemcy
92%
69,1 mln Francja
91%
123 mln Japonia
88%
131 mln Meksyk
88%
64,3 mln RepublikaPołudniowej Afryki
81%
117 mln Egipt
80%
284 mln Indonezja
80%
234 mln Nigeria
78%
69,8 mln Wielka Brytania
78%
252 mln Pakistan
72%
110 mln DemokratycznaRepublika Konga
70%
87,5 mln Turcja
70%
91,9 mln Iran
68%
174 mln Bangladesz
67%
71,6 mln Tajlandia
65%
101 mln Wietnam
63%
133 mln Etiopia
57%
116 mln Filipiny
55%
69,4 mln Tanzania
36%
Nie znaleziono quizów pasujących do podanych kryteriów
Rozkład punktacji
Procent ludzi z każdym wynikiem
Percentyl według liczby udzielonych odpowiedzi
Twoja historia wyników
Nie rozwiązałeś tego quizu od ostatniego zresetowania